Cómo clasificamos a los animales. (Record no. 8928)

MARC details
000 -CABECERA
campo de control de longitud fija 00757nam a2200193 a 4500
005 - FECHA Y HORA DE LA ÚLTIMA TRANSACCIÓN
campo de control 20231025063603.0
008 - ELEMENTOS DE LONGITUD FIJA--INFORMACIÓN GENERAL
campo de control de longitud fija 991125c1990 cal 000 0 spa u
035 ## - NÚMERO DE CONTROL DEL SISTEMA
Número de control de sistema UPN01000008928
049 ## - COLECCIÓN
Colección AV
099 ## - CLASIFICACIÓN LOCAL
Clasificación local PVI Q 0379
245 00 - MENCIÓN DE TÍTULO
Título Cómo clasificamos a los animales.
260 ## - PUBLICACIÓN, DISTRIBUCIÓN, ETC.
Lugar de publicación, distribución, etc. California (E.U.A.) :
Nombre del editor, distribuidor, etc. AIMS MEDIA,
Fecha de publicación, distribución, etc. 1990.
300 ## - DESCRIPCIÓN FÍSICA
Extensión 1 videocasete (VHS) (14 min.) :
Otras características físicas son., col.
500 ## - NOTA GENERAL
Nota general Contiene un tríptico anexo en inglés con información sobre el contenido
520 ## - NOTA DE RESUMEN, ETC.
Sumario, etc. Los animales se dividen en 2 grandes grupos: invertebrados y vertebrados, los biólogos los clasifican de acuerdo a sus características
650 #4 - ASIENTO SECUNDARIO DE MATERIA - TERMINO TEMATICO
Término de materia o nombre geográfico como elemento de entrada Animales
Subdivisión general Estudio y enseñanza
9 (RLIN) 1056
650 #2 - ASIENTO SECUNDARIO DE MATERIA - TERMINO TEMATICO
Término de materia o nombre geográfico como elemento de entrada Zoología
Subdivisión general Clasificación
9 (RLIN) 4286
905 ## - TIPO DE MATERIAL
Tipo de material Audiovisuales
Holdings
Estado de retiro Estado de pérdida Fuente del sistema de clasificación o colocación Estado dañado No para préstamo Código de colección Localización permanente Ubicación/localización actual Ubicación en estantería Total de préstamos Clasificación Código de barras Fecha visto por última vez Número de copia Tipo de ítem Koha
    Library of Congress Classification     Audiovisuales Bib. Gregorio Torres Quintero Bib. Gregorio Torres Quintero Audiovisual   PVI Q 0379 0379PVI 31/12/2020 1 Videocasete